S. Chand's Modern English Grammar & Composition; (Record no. 207190)

MARC details
000 -LEADER
fixed length control field 00650 a2200205 4500
005 - DATE AND TIME OF LATEST TRANSACTION
control field 20241129110624.0
010 ## - LCCN (DPL NO)
LC control number B-761285
020 ## - INTERNATIONAL STANDARD BOOK NUMBER
International Standard Book Number 9789364685382
Terms of availability 465.00
035 ## - SYSTEM CONTROL NUMBER
System control number B-761285
037 ## - SOURCE OF ACQUISITION
Source of stock number/acquisition Gift/28.11.24
082 ## - DEWEY DECIMAL CLASSIFICATION NUMBER
Classification number 488
100 ## - MAIN ENTRY--PERSONAL NAME
Personal name Wren, P.C.
245 ## - TITLE STATEMENT
Title S. Chand's Modern English Grammar & Composition;
Remainder of title As per CBSE Syllabus for Classes 9 to12/
Statement of responsibility, etc P.C. Wren and H. Martin
260 ## - PUBLICATION, DISTRIBUTION, ETC. (IMPRINT)
Place of publication, distribution, etc U.P.
Name of publisher, distributor, etc S. Chand's
Date of publication, distribution, etc 2025
270 ## - ADDRESS
Address U. P.
300 ## - PHYSICAL DESCRIPTION
Extent 342 p.
Dimensions 25cm (Pb)
700 ## - ADDED ENTRY--PERSONAL NAME
Personal name Martin, H.
9 (RLIN) 74319
942 ## - ADDED ENTRY ELEMENTS (KOHA)
Institution code [OBSOLETE] dpl
Item type Children Books
Source of classification or shelving scheme Dewey Decimal Classification
Classification part 488
Call number suffix WRE
Holdings
Withdrawn status Lost status Not for loan Collection code Home library Current library Date acquired Source of acquisition Cost, normal purchase price Full call number Barcode Copy number Cost, replacement price Koha item type Public note
      Non-fiction Ashok Vihar Ashok Vihar 29/11/2024 Gift/28.11.24 495.00 488 WRE B-761285 1 495.00 Children Books Gift

© Delhi Public Library
Hit Counter
free hit counter